Statistics for US President Firsts

Click here to take the quiz!

General Stats

  • This quiz has been taken 36 times
  • The average score is 18 of 25

Answer Stats

Answer% Correct
Come from VirginiaGeorge Washington
97%
To be awarded a purple heartJohn F Kennedy
88%
To serve in both World WarsDwight D Eisenhower
85%
To visit Soviet UnionFranklin D Roosevelt
85%
Live past the age of 91Ronald Reagan
85%
To fly in an aeroplaneTheodore Roosevelt
85%
To hold a patentAbraham Lincoln
82%
Publish scientific paper whilst in officeBarack Obama
79%
Born after WWIIBill Clinton
79%
To use the Oval OfficeWilliam Taft
76%
To address the nation on TVHarry S Truman
74%
Have facial hairJohn Adams
74%
Born in CaliforniaRichard Nixon
74%
To have a telephone on his deskHerbert Hoover
71%
Born in a hospitalJimmy Carter
71%
To have grandchildren living in the 21st centuryJohn Tyler
68%
Born a citizen of the United StatesMartin Van Buren
68%
To have a Ph DWoodrow Wilson
65%
Marry 3 timesDonald Trump
62%
To appear on US coinage whilst aliveCalvin Coolidge
59%
To be a bachelorJames Buchanan
59%
To have a moustacheUlysses S Grant
59%
To be married in the White HouseGrover Cleveland
56%
Die before 50 years of ageJames Garfield
53%
Born in 1800sMillard Fillmore
50%

Score Distribution

Percentile by Number Answered

Percent of People with Each Score

Your Score History

You have not taken this quiz